ბათუმის შოთა რუსთაველის სახელმწიფო უნივერსიტეტის ბიბლიოთეკა

Empire of Signs / (ბიბ.ჩანაწერი № 64016)

000 -LEADER
fixed length control field 00589nam a2200193 4500
003 - CONTROL NUMBER IDENTIFIER
control field Ge_BSU
005 - DATE AND TIME OF LATEST TRANSACTION
control field 20260310101727.0
008 - FIXED-LENGTH DATA ELEMENTS--GENERAL INFORMATION
fixed length control field 260310s1982 enk||||| |||| 00| 0 eng d
020 ## - INTERNATIONAL STANDARD BOOK NUMBER
International Standard Book Number 9780374522070x
041 ## - LANGUAGE CODE
Language code of text/sound track or separate title eng
080 ## - UNIVERSAL DECIMAL CLASSIFICATION NUMBER
Universal Decimal Classification number 008(520) B-27
100 ## - MAIN ENTRY--PERSONAL NAME
Personal name Barthes, Roland
9 (RLIN) 27095
245 ## - TITLE STATEMENT
Title Empire of Signs /
Statement of responsibility, etc. Roland Barthes, Translator Richard Howard.
264 ## - PRODUCTION, PUBLICATION, DISTRIBUTION, MANUFACTURE, AND COPYRIGHT NOTICE
Place of production, publication, distribution, manufacture New York :
Name of producer, publisher, distributor, manufacturer Hill and Wang,
Date of production, publication, distribution, manufacture, or copyright notice 1982.
300 ## - PHYSICAL DESCRIPTION
Extent 112 p.:
Other physical details ill.;
Dimensions 20 cm.
653 ## - INDEX TERM--UNCONTROLLED
keyword იაპონია
700 ## - ADDED ENTRY--PERSONAL NAME
Personal name Howard, Richard
Relator term მთარგმნელი
9 (RLIN) 27096
942 ## - ADDED ENTRY ELEMENTS (KOHA)
Source of classification or shelving scheme
Koha item type წიგნი
ეგზემპლარები
Withdrawn status Lost status Source of classification or shelving scheme Damaged status Not for loan Permanent Location Current Location Shelving location Date acquired Cost, normal purchase price Full call number Barcode Date last seen Copy number Uniform Resource Identifier Price effective from Koha item type Public note
          ბათუმის შოთა რუსთაველის სახელმწიფო უნივერსიტეტის მთავარი ბიბლიოთეკა ბათუმის შოთა რუსთაველის სახელმწიფო უნივერსიტეტის მთავარი ბიბლიოთეკა წიგნსაცავი 2026-03-10 8.00 008(520) B-27 73897 2026-03-10 73897 იაპონიის ელჩის საჩუქარი 2026-03-10 წიგნი 8 ლ.